[Event "26.Schlosspark-Open"]
[Site "Wiesbaden-Biebrich"]
[Date "2014.08.30"]
[Round "5.85"]
[White "Busch, Günther"]
[Black "Rosmanitz, Anna"]
[Result "1/2-1/2"]
[WhiteElo "1307"]
[BlackElo "1599"]
[PlyCount "41"]
[EventDate "2014.??.??"]
[WhiteTeam "FC 1934 Wiesbaden-Bierstadt"]
[BlackTeam "SC 1979 Hattersheim"]

1. g3 e5 2. Bg2 d5 3. d3 Nf6 4. a3 Nc6 5. Nd2 Bc5 6. e3 O-O 7. h3 Be6 8. Ne2
Qd7 9. Kf1 Kh8 10. Kg1 Ng8 11. Kh2 f5 12. b4 Bd6 13. c4 dxc4 14. Nxc4 Rf6 15.
f4 Nge7 16. Bb2 Rg6 17. fxe5 Bxc4 18. exd6 Rxd6 19. Bxc6 Nxc6 20. Nd4 Bf7 21.
Rf1 1/2-1/2

[Event "26.Schlosspark-Open"]
[Site "Wiesbaden-Biebrich"]
[Date "2014.08.30"]
[Round "5.87"]
[White "Martin, Lukas"]
[Black "Börkey, Joel"]
[Result "1-0"]
[WhiteElo "1374"]
[BlackElo "968"]
[PlyCount "51"]
[EventDate "2014.??.??"]
[WhiteTeam "SC Bad Soden"]
[BlackTeam "Wiesbadener SV 1885"]

1. d4 d5 2. c4 dxc4 3. Nc3 Nf6 4. Nf3 Nc6 5. e4 Bg4 6. Bxc4 e5 7. Qb3 Na5 8.
Qb5+ Nc6 9. Nxe5 Qe7 10. Nxc6 Qd7 11. Ne5 Qxb5 12. Nxb5 Rc8 13. Nxf7 Rg8 14.
Nfd6+ cxd6 15. Bxg8 Nxg8 16. f3 Bd7 17. Nc3 Be6 18. e5 dxe5 19. dxe5 Bb4 20.
Bd2 Ne7 21. O-O Bc5+ 22. Kh1 Bc4 23. Rfe1 Nf5 24. Ne4 Bb6 25. g4 Nh4 26. Nd6+
1-0

[Event "26.Schlosspark-Open"]
[Site "Wiesbaden-Biebrich"]
[Date "2014.08.30"]
[Round "5.88"]
[White "Thybo, Jan"]
[Black "Gläßer, Leonhard"]
[Result "0-1"]
[WhiteElo "1347"]
[BlackElo "938"]
[PlyCount "36"]
[EventDate "2014.??.??"]
[WhiteTeam "Morso Skak Klub"]
[BlackTeam "FC 1934 Wiesbaden-Bierstadt"]

1. e4 c5 2. Nc3 Nc6 3. g3 Nf6 4. Bg2 e6 5. d3 Be7 6. Nge2 O-O 7. O-O b6 8. a3
Rb8 9. Bf4 d6 10. Be3 Bb7 11. f4 e5 12. f5 Nd4 13. Nxd4 cxd4 14. Bxd4 exd4 15.
Ne2 d5 16. e5 Ng4 17. e6 Ne3 18. exf7+ Rxf7 0-1

[Event "26.Schlosspark-Open"]
[Site "Wiesbaden-Biebrich"]
[Date "2014.08.30"]
[Round "5.89"]
[White "Kunisch, Nina"]
[Black "Held, Gerd"]
[Result "1/2-1/2"]
[WhiteElo "1249"]
[BlackElo "1288"]
[PlyCount "103"]
[EventDate "2014.??.??"]
[WhiteTeam "TV-Großostheim 1900 e.V."]
[BlackTeam "SC Groß-Zimmern"]

1. e4 g6 2. d4 Bg7 3. Nc3 d6 4. Be3 Nf6 5. Nf3 O-O 6. Be2 a6 7. O-O b5 8. e5
dxe5 9. Nxe5 Bb7 10. Bf3 Nd5 11. Nxd5 Bxd5 12. Bxd5 Qxd5 13. Qf3 e6 14. Qxd5
exd5 15. Nf3 Nd7 16. Bf4 c6 17. b3 Nb6 18. Rac1 Rfe8 19. Bc7 Nd7 20. c4 Rac8
21. Bd6 Re6 22. Bf4 Nb6 23. cxb5 axb5 24. Rfe1 h6 25. Rxe6 fxe6 26. Be5 Bf8 27.
Bf4 Nd7 28. Be5 g5 29. Bg3 c5 30. dxc5 Rxc5 31. Re1 Kf7 32. Nd4 e5 33. Nf5 Kg6
34. Ne3 d4 35. Nf1 Kf5 36. Nd2 Rc2 37. Nf3 Bg7 38. Bxe5 Bxe5 39. Rxe5+ Kf4 40.
Re1 d3 41. Nd4 Rxa2 42. h3 g4 43. g3+ Kg5 44. Ne6+ Kf6 45. Nf4 gxh3 46. Nxd3
Rd2 47. Nf4 h2+ 48. Kxh2 Rxf2+ 49. Kg1 Rf3 50. Nd5+ Kg5 51. Re3 Rxe3 52. Nxe3
1/2-1/2

[Event "26.Schlosspark-Open"]
[Site "Wiesbaden-Biebrich"]
[Date "2014.08.30"]
[Round "5.90"]
[White "Salm, Andreas"]
[Black "Schreer, Maxima"]
[Result "1/2-1/2"]
[WhiteElo "1471"]
[BlackElo "880"]
[PlyCount "85"]
[EventDate "2014.??.??"]
[WhiteTeam "SAbt SV Werder Bremen"]
[BlackTeam "SF 1891 Friedberg"]

1. c4 e5 2. g3 Bc5 3. Bg2 Nf6 4. Nc3 O-O 5. d3 h6 6. h3 Nc6 7. e3 Re8 8. Nge2
d6 9. O-O Be6 10. Nd5 a6 11. Kh2 Rb8 12. b3 Bf5 13. e4 Bg6 14. Be3 Nd4 15. Nxd4
Bxd4 16. Bxd4 exd4 17. Nf4 Bh7 18. Ne2 c5 19. f4 Qe7 20. f5 b5 21. Qc2 bxc4 22.
Qxc4 d5 23. Qxa6 dxe4 24. dxe4 Nxe4 25. Bxe4 Qxe4 26. Rae1 Bxf5 27. Qc4 Bg6 28.
Nf4 Qf5 29. Nxg6 Qxg6 30. Qxc5 Rxe1 31. Rxe1 Qf6 32. Kg2 d3 33. Rf1 Qb2+ 34.
Rf2 d2 35. Qd5 Rf8 36. Qxd2 Qe5 37. Re2 Qb5 38. Qe3 Qc6+ 39. Qe4 Qa6 40. Qc4
Qb7+ 41. Qe4 Qa6 42. a4 Rd8 43. Qc4 1/2-1/2

[Event "26.Schlosspark-Open"]
[Site "Wiesbaden-Biebrich"]
[Date "2014.08.30"]
[Round "5.91"]
[White "Schneider, Luca"]
[Black "Gießelbach, Christian"]
[Result "1-0"]
[WhiteElo "1107"]
[BlackElo "1147"]
[PlyCount "53"]
[EventDate "2014.??.??"]
[WhiteTeam "FC 1934 Wiesbaden-Bierstadt"]
[BlackTeam "SAbt TuS Dotzheim"]

1. Nf3 d5 2. c4 Nf6 3. d4 c6 4. Nc3 e6 5. c5 Be7 6. b4 O-O 7. a4 b6 8. a5 bxa5
9. bxa5 Ba6 10. Bf4 Nbd7 11. g3 Nh5 12. Be5 Nxe5 13. Nxe5 Qc7 14. Qa4 Bxc5 15.
dxc5 Qxe5 16. Rc1 d4 17. Na2 d3 18. Qxc6 Qb2 19. Qxa6 Qxa2 20. exd3 Rab8 21.
Bg2 Rb2 22. O-O Rc2 23. Qxa7 Rc8 24. c6 Rxc1 25. Rxc1 Qa3 26. Rb1 Rxc6 27. Rb8+
1-0

[Event "26.Schlosspark-Open"]
[Site "Wiesbaden-Biebrich"]
[Date "2014.08.30"]
[Round "5.92"]
[White "Fey, Karl-Heinz"]
[Black "Jahraus, Marlis"]
[Result "0-1"]
[WhiteElo "889"]
[BlackElo "1124"]
[PlyCount "44"]
[EventDate "2014.??.??"]
[WhiteTeam "SC 1926 Haßloch"]
[BlackTeam "SC Untergrombach 46"]

1. Nf3 Nf6 2. c4 e6 3. Nc3 d5 4. cxd5 exd5 5. d4 c5 6. e3 Nc6 7. Be2 Bd6 8. O-O
cxd4 9. exd4 O-O 10. a3 Re8 11. Bg5 h6 12. Bxf6 Qxf6 13. Nxd5 Qe6 14. Nc3 Qd7
15. Qd2 Bc7 16. Nb5 Bb8 17. Nc3 a6 18. Rab1 Qd6 19. b4 b5 20. d5 Ne5 21. Ne4
Nxf3+ 22. Bxf3 Qxh2# 0-1